Sports Quiz

Random Sports or NBA Quiz

NBA All-Stars More Than Once Quiz Stats

 Plays Quiz not verified by Sporcle

Support Sporcle.
Go Orange.
Score 0/273 Timer 20:00
0 Plays Today
# of All-Stars Answer % Correct
17Kobe Bryant
100%
19Kareem Abdul-Jabbar
99.3%
15Tim Duncan
98.6%
15Kevin Garnett
98.6%
14Karl Malone
98.6%
12Moses Malone
98.6%
2Jeff Malone
98.6%
15Shaquille O'Neal
97.9%
14Jerry West
97.9%
13Wilt Chamberlain
97.9%
12Larry Bird
97.9%
12Magic Johnson
97.9%
7Joe Johnson
97.9%
6Jermaine O'Neal
97.9%
5Dennis Johnson
97.9%
5Gus Johnson
97.9%
5Marques Johnson
97.9%
3Kevin Johnson
97.9%
2Eddie Johnson
97.9%
2John Johnson
97.9%
2Larry Johnson
97.9%
2David West
97.9%
14Michael Jordan
97.2%
13Dirk Nowitzki
97.2%
11Allen Iverson
95.8%
12Bill Russell
95.1%
12Isiah Thomas
95.1%
11LeBron James
95.1%
10Jason Kidd
95.1%
10David Robinson
95.1%
7Scottie Pippen
95.1%
2Glenn Robinson
95.1%
2Truck Robinson
95.1%
12Hakeem Olajuwon
94.4%
11Dwyane Wade
94.4%
10John Stockton
94.4%
8Vince Carter
94.4%
6Tony Parker
94.4%
12Oscar Robertson
93.7%
11Patrick Ewing
93.7%
9Gary Payton
93.7%
8Carmelo Anthony
93.7%
8Dwight Howard
93.7%
6Kevin Durant
93.7%
4Alvin Robertson
93.7%
10Ray Allen
93%
8Chris Paul
93%
10Paul Pierce
92.3%
8Steve Nash
92.3%
10Clyde Drexler
91.6%
9Dominique Wilkins
91.6%
7Tracy McGrady
91.6%
4Ben Wallace
91.6%
4Rasheed Wallace
91.6%
4Russell Westbrook
91.6%
10Chris Bosh
90.9%
9George Gervin
90.9%
7Kevin McHale
90.9%
5Sam Jones
90.9%
5Chris Webber
90.9%
4Bobby Jones
90.9%
3Eddie Jones
90.9%
9Robert Parish
90.2%
11Julius Erving
89.5%
5Pau Gasol
89.5%
5Reggie Miller
89.5%
2Marc Gasol
89.5%
2Brad Miller
89.5%
13Bob Cousy
88.8%
11Charles Barkley
88.8%
8Yao Ming
88.8%
5Chauncey Billups
88.8%
5Blake Griffin
88.8%
3Derrick Rose
88.8%
13John Havlicek
88.1%
6Shawn Kemp
88.1%
6Amar'e Stoudemire
88.1%
3Buck Williams
88.1%
3Deron Williams
88.1%
2Gus Williams
88.1%
11Elgin Baylor
87.4%
7Alonzo Mourning
87.4%
6Walter Davis
87.4%
5Tim Hardaway
87.4%
4Penny Hardaway
87.4%
2Anthony Davis
87.4%
2Baron Davis
87.4%
6Joe Dumars
86.7%
2John Wall
86%
7James Worthy
85.3%
5Chris Mullin
84.6%
# of All-Stars Answer % Correct
2Manu Ginobili
84.6%
7Grant Hill
83.9%
3Bob Love
83.9%
3Kevin Love
83.9%
7Walt Frazier
83.2%
4Shawn Marion
83.2%
3Gilbert Arenas
83.2%
3Richard Hamilton
83.2%
2Stephen Curry
83.2%
11Bob Pettit
82.5%
8Alex English
82.5%
6Mitch Richmond
82.5%
4LaMarcus Aldridge
82.5%
4George Mikan
81.8%
12Elvin Hayes
81.1%
7Willis Reed
81.1%
2Phil Smith
81.1%
2Randy Smith
81.1%
8Rick Barry
80.4%
7Chet Walker
80.4%
3James Harden
80.4%
3Antoine Walker
80.4%
2Dennis Rodman
80.4%
2Jimmy Walker
80.4%
8Dikembe Mutombo
79.7%
4Mark Price
79%
4Rajon Rondo
79%
4David Thompson
79%
2Bill Walton
79%
5Bob McAdoo
77.6%
2Antawn Jamison
76.9%
6Adrian Dantley
76.2%
2Joakim Noah
75.5%
2Zach Randolph
75.5%
7Dave Cowens
74.8%
3Kyrie Irving
74.8%
2Carlos Boozer
74.1%
3Al Horford
72.7%
3Glen Rice
72.7%
5Wes Unseld
72%
2Damian Lillard
72%
12Dolph Schayes
71.3%
4Bernard King
71.3%
4Latrell Sprewell
71.3%
3Steve Francis
71.3%
2Elton Brand
71.3%
2Caron Butler
71.3%
2Jack George
71.3%
2Paul George
71.3%
2Rashard Lewis
71.3%
5Pete Maravich
70.6%
3Brandon Roy
70.6%
2Jerry Stackhouse
70.6%
6Nate Archibald
69.9%
4Bill Laimbeer
69.2%
4Ralph Sampson
69.2%
5Brad Daugherty
68.5%
4Earl Monroe
68.5%
8Bob Lanier
67.8%
4Tom Chambers
67.8%
2Michael Finley
67.8%
3Peja Stojakovic
67.1%
4Maurice Cheeks
66.4%
7Dave Bing
65.7%
2Terry Porter
65.7%
4Johnny Green
64.3%
5Sidney Moncrief
63.6%
2Allan Houston
63.6%
2Zydrunas Ilgauskas
63.6%
9Lenny Wilkens
62.9%
7Jo Jo White
62.9%
3Mark Aguirre
62.9%
2Paul Millsap
62.2%
10Paul Arizin
61.5%
6Artis Gilmore
61.5%
7Jerry Lucas
60.8%
4Maurice Lucas
60.8%
4Rolando Blackman
60.1%
3Dan Majerle
60.1%
2Stephon Marbury
60.1%
6Tom Heinsohn
58.7%
7Nate Thurmond
58%
5Gail Goodrich
58%
2Luol Deng
58%
10Hal Greer
57.3%
2David Lee
57.3%
7Jack Sikma
56.6%
4Walt Bellamy
56.6%
3Larry Nance
55.9%
2Kiki Vandeweghe
55.9%
3Detlef Schrempf
54.5%
# of All-Stars Answer % Correct
2Terry Cummings
54.5%
2Roy Hibbert
54.5%
2Danny Manning
53.1%
8Bill Sharman
52.4%
7Slater Martin
52.4%
4Billy Cunningham
51.7%
3Charlie Scott
51.7%
2Sean Elliott
51.7%
8Dave DeBusschere
49.7%
4Vin Baker
48.3%
4Micheal Ray Richardson
47.6%
2Reggie Theus
47.6%
4Connie Hawkins
44.8%
2Norm Nixon
44.8%
2Jerry Sloan
44.1%
5Rudy Tomjanovich
43.4%
3Jamaal Wilkes
42%
2Andrew Toney
42%
5Paul Westphal
41.3%
2Fat Lever
41.3%
2Terrell Brandon
40.6%
6Lou Hudson
39.2%
4Spencer Haywood
38.5%
6Jack Twyman
37.1%
4Bob Dandridge
37.1%
6Neil Johnston
36.4%
2Kevin Duckworth
36.4%
6Vern Mikkelsen
35%
4Doug Collins
35%
6Richie Guerin
29.4%
3Norm Van Lier
28%
2Paul Silas
28%
5Cliff Hagan
27.3%
2Kelly Tripucka
26.6%
7Ed Macauley
24.5%
6Bailey Howell
24.5%
3Johnny Kerr
24.5%
2John Drew
22.4%
6George Yardley
21.7%
2Jim Paxson
21.7%
4Sidney Wicks
21%
3Clyde Lovellette
21%
2Joe Fulks
21%
2Geoff Petrie
21%
4Otis Birdsong
19.6%
3George McGinnis
18.9%
4Guy Rodgers
17.5%
3Maurice Stokes
16.1%
7Harry Gallatin
15.4%
8Larry Foust
14.7%
2Zelmo Beaty
14.7%
5Tom Gola
14%
4Jim Pollard
14%
3Jeff Mullins
14%
3Dan Roundfield
14%
2Larry Kenon
14%
7Dick McGuire
11.9%
5Carl Braun
11.9%
5Gene Shue
11.9%
3Dick Van Arsdale
11.9%
3Tom Van Arsdale
11.9%
4Bob Davies
11.2%
3Phil Chenier
11.2%
2Archie Clark
11.2%
2Brian Winters
9.8%
5Rudy LaRusso
9.1%
3Bill Bridges
9.1%
5Bobby Wanzer
8.4%
4Arnie Risen
7.7%
2Jack Marin
7%
3Terry Dischinger
6.3%
5Andy Phillip
5.6%
4Willie Naulls
5.6%
2Joe Caldwell
5.6%
6Larry Costello
4.9%
5Wayne Embry
4.9%
5Don Ohl
4.9%
2Don Kojis
4.2%
3Bob Kauffman
3.5%
2Rod Hundley
3.5%
2Red Rocha
3.5%
2Frank Selvy
2.8%
3Paul Seymour
2.1%
2Walter Dukes
2.1%
2Ken Sears
2.1%
4Dick Garmaker
1.4%
2Leo Barnhorst
1.4%
2Frank Brian
1.4%
2Fred Scolari
1.4%
4Mel Hutchins
0.7%
2Dike Eddleman
0.7%

You're not logged in!

Compare scores with friends on all Sporcle quizzes.
OR
Log In

From the Vault

Literary Scholars

by Flick

We should probably compare this to our Sporcle College rankings.
Remove Ads.
Support Sporcle.
Get the best of Sporcle when you Go Orange. This ad-free experience offers more features, more stats, and more fun while also helping to support Sporcle. Thank you for becoming a member.

Show Comments

Extras

Created Jan 11, 2016ReportNominate
Tags:NBA Quiz, NBA All-Star

Top Quizzes Today


Score Distribution

Your Account Isn't Verified!

In order to create a playlist on Sporcle, you need to verify the email address you used during registration. Go to your Sporcle Settings to finish the process.

Report this User

Report this user for behavior that violates our Community Guidelines.

Details: